Mapa inženýrsko-geologického rajonování ČSR List 12-24, Praha /

Další autoři: Zeman, Miroslav, 1946-
Jazyk: Čeština
Vydáno: Praha : Český geologický ústav, 2001
Vydání: 1. vyd.
Edice: Soubor geologických a ekologických účelových map přírodních zdrojů
Témata:
Fyzický popis: 2 listy ; 47 x 69 cm složené na 24 x 17 cm v obálce
Mapy
Uloženo v:
LEADER 01563nem a2200385 a 4500
001 000580693
003 CZ BrMZK
005 20071002140838.0
008 011206s2001 xr f cze d
015 |a cnb001035698 
020 |a 80-7075-460-5 
040 |a BOA001  |b cze 
043 |a e-xr---  |b e-xr-pg  |2 czenas 
072 7 |a 55  |x Vědy o Zemi. Geologické vědy  |2 Konspekt  |9 7 
080 |a 55  |2 MRF 
080 |a 913(437.311)  |2 MRF 
080 |a 912.43:55  |2 MRF 
080 |a (084.3)  |2 MRF 
245 0 0 |a Mapa inženýrsko-geologického rajonování ČSR  |h [kartografický dokument].  |n List 12-24,  |p Praha /  |c [redaktor listu M. Zeman] 
246 3 0 |a Praha 
250 |a 1. vyd. 
255 |a Měřítko 1:50 000 
260 |a Praha :  |b Český geologický ústav,  |c 2001 
300 |a 2 listy ;  |c 47 x 69 cm složené na 24 x 17 cm v obálce 
490 1 |a Soubor geologických a ekologických účelových map přírodních zdrojů 
500 |a Původně vydáno v r. 1988 jako volný nesložený list v edici Soubor geologických a účelových map 
500 |a Druhá složená mapa obsahuje vysvětlivky 
650 0 7 |a geologie  |7 ph114622  |z Česko  |2 czenas 
655 7 |a geologické mapy  |7 fd132402  |2 czenas 
651 7 |a Praha (Česko)  |7 ge118011  |2 czenas 
700 1 |a Zeman, Miroslav,  |d 1946-  |7 jk01152494  |4 edt 
830 0 |a Soubor geologických a ekologických účelových map přírodních zdrojů 
910 |a BOA001  |b Mp2-1095.042 
990 |a MP 
996 6 |b 2610150258  |c Mp2-1095.042  |l MZK  |r Sklad / do 1 hodiny  |n 0  |p p.v.  |w 000580693  |u 000010  |a 1  |e BOA001  |j MZK50  |s P